000
00272nam a2200109 a 4500
005
20140513081050.0
008
020605s19uu xx 00 eng d
050
_a
P 372.7
_b
Whi
245
_a
Which is biggest? which is smallest.
650
_a
Sizes--Poster
999
_c
116280
_d
116280